000 00576nam a2200157Ia 4500
008 210719s2007 xx 000 0 und d
041 _aeng
082 _a658.8 REHC
100 _aREHMAN (Shamila)
245 _aConsumer behaviour towards bata footwear with special reference to Mangalore city
260 _aMangalore
_bDepartment of Business Management St Aloysius College
_c2007
300 _a51
_bHB
650 _aManagement
650 _aProject Reports
906 _abata ; behaviour ; city ; Consumer ; footwear ; Mangalore ; reference ; special ; to ; towards ; with
999 _c214443
_d214443